| 000 | 00815cab a2200253 4500 | ||
|---|---|---|---|
| 001 | WB3224-46 | ||
| 008 | 090401t1996 xxu||||| |||| 00| 0 eng d | ||
| 035 | _a(Sirsi) u34389 | ||
| 041 | _aeng | ||
| 245 | _aBeef climbdown | ||
| 260 | _c1996 | ||
| 350 | _a0 | ||
| 490 |
_aDaily Telegraph _v20 June 1996, 4 |
||
| 490 |
_aFinancial Times _v20 June 1996, 8 |
||
| 490 |
_aTimes _v21 June 1996, 10(6) |
||
| 520 | _aOutlines the EU`s framework document for lifting the beef ban including the implementation of a selective slaughter programme . The NFU opposes the selective culling. Farmers are demanding full payment for extra culled cows. | ||
| 650 | _aBEEF CRISIS | ||
| 650 | _aBSE | ||
| 650 | _aCOMPENSATION | ||
| 650 | _aSLAUGHTERING | ||
| 690 | _aRURAL PRACTICE | ||
| 942 | _n0 | ||
| 948 | _c04/03/1997 | ||
| 999 |
_c22786 _d22786 |
||